000 01710nam a22003377a 4500
003 OSt
005 20230421145942.0
008 221006b |||||||| |||| 00| 0 eng d
040 _cBiblioteca Lado V
082 _a700
_bZ39a
100 _9802
_aZaya, Antonio
_eeditor
_edirector
245 _aAtalantica/
_bInternacional | Revista de las Artes/
260 _bCentro Atlantico de Arte Moderno
_c1997
_aEspaña
300 _c24x30cm
_a198p.
490 _v1997
_x1132-8428
_a17
505 _tTerritorios
_aEstrategias de Diferencia y Diferenciación Gabriele Basílico Gabriel Orozco Proyecto de marta maria Pérez Trayectorias Abyectas Moshekwa Proyecto de Luz Maria Gordillo Espacio Virtual en tiempo fílmico Otra forma de ser
505 _tNexus
_aEl paisaje Canario Reintentado Juan López Salvador Proyecto de Sorel Seele
505 _tRevista
_aLa espiritualidad del oriente Proyecto de Pep Duran Juan Usle Proyecto de Manolo Quejido Meditations La reproducción de los símbolos
505 _tNotas del editor
650 _2Tesauro de Arte & Arquitectura
_aARTE
_9703
650 _2Tesauro de Arte & Arquitectura
_aEXPOSICIONES
650 _2Tesauro de Arte & Arquitectura
_aCULTURA
650 _2Tesauro de Arte & Arquitectura
_aAPRECIACION
650 _2Tesauro de Arte & Arquitectura
_aTEORIA
650 _2Tesauro de Arte & Arquitectura
_aCRITICA
650 _2Tesauro de Arte & Arquitectura
_aFOTOGRAFIA
_9702
650 _2Tesauro de Arte & Arquitectura
_aLITERATURA
650 _2Tesauro de Arte & Arquitectura
_aARTE INTERNACIONAL
650 _2Tesauro de Arte & Arquitectura
_aESPAÑA
942 _2ddc
_c1
_h700
_iZ39a
_n0
999 _c3438
_d3438